000 00896nam a2200277Ia 4500
003 OSt
005 20221005084033.0
006 a|||||r|||| 00| 0
007 ta
008 221004b |||||||| |||| 00| 0 eng d
020 _a9781118585191 (hbk)
_cUSD 195.00
024 _a65598
037 _b60244, 20/02/2020, Segment Book Distributors
_cTextual
040 _aCRL
_cCRL
_beng
041 _2eng
_aeng
082 _aO111,1:gL, Q8
100 _aBates Catherine Ed.
_9612996
245 0 _aCompanion to renaissance poetry
260 _aNew Jersey
_bJohn Wiley & Sons Ltd USA
_c2018
300 _axvi,653p.
_ccm.
490 _aBlackwell companions to literature and culture
650 _a ENGLISH POETRY
650 _aENGLISH LITERATURE
942 _hO111,1:gL, Q8
_cTEXL
_2cc
999 _c991947
_d991947